01011nam a2200265 a 450000100060000000300080000600500170001400800410003102000150007203500190008704000350010604100080014108200240014910000360017324501470020926000480035630000280040450000190043260000480045170000290049970000280052894200120055699900170056895201600058556737BD-RjUL20211209080428.0161203s1988 ii ||||| |||| 001 0 eng d a817017239x a(BD-RjUL)56861 aBD-RjULbengcBD-RjULdBD-RjUL aeng 223a181.4bMAE 1988 aMallik, Basanta Kumar. 9168726 aEcology, culture, and philosophy:bmetaphysical perspectives from Basanta Kumar Mallik /cBasanta Kumar Mallik, Madhuri Sondhi, Mary M Walker. aNew Delhi :b Abhinav Publications, cc1988 axviii, 188 p. ;c21 cm. aIncludes index aMallik, Basanta Kumar.d1879-1958. 9168727 aSondhi, Madhuri.9168728 aWalker, Mary M.9168729 2ddccBK c56737d56737 00102ddc40718NFICaRUCLbRUCLcReadingd2008-02-25eDhaka: paragon enterprise Ltd.g130.00l0o181.4 MAE 1988r2016-12-03 00:00:00tC-1w2016-12-03yBK